000 00504nam a2200217Ia 4500
003 OSt
005 20221005120829.0
006 a|||||r|||| 00| 0
007 ta
008 221004b |||||||| |||| 00| 0 eng d
024 _a120362
037 _cTextual
040 _aCRL
_cCRL
_beng
041 _2eng
_aeng
100 _aJohnson Rav
_9629708
245 0 _aFild & wave electro dynamics
260 _c1965
650 _aPHYSICS
942 _cTEXL
_2cc
999 _c1039263
_d1039263